| 000 | 00511nam a2200169 i 4500 | ||
|---|---|---|---|
| 001 | 90365 | ||
| 003 | ES-MaACL | ||
| 005 | 20250819165352.0 | ||
| 008 | 050120s1931 sp |||| | spa d | ||
| 100 | 1 |
_aLedesma Ramos, Ramiro, _d1905-1936 _971157 |
|
| 245 | 1 | 1 |
_a¡Hay que hacer la revolución hispánica! / _cRamiro Ledesma Ramos. |
| 260 |
_aMadrid : _bAlbero, _c1931. |
||
| 300 |
_a64 p. ; _c19 cm. |
||
| 650 | 7 |
_aNacionalsindicalismo _2embne _9158045 |
|
| 852 |
_aES-MaACL _jB-12602 |
||
| 999 |
_c90365 _d90365 |
||